Tutwuri andajani, ning, rak maniss! (Record no. 87677)

MARC details
000 -LEADER
fixed length control field 00519cam a22002051a 4500
001 - CONTROL NUMBER
control field sa 68017356
003 - CONTROL NUMBER IDENTIFIER
control field DLC
005 - DATE AND TIME OF LATEST TRANSACTION
control field 20260227112702.0
008 - FIXED-LENGTH DATA ELEMENTS--GENERAL INFORMATION
fixed length control field 950322q19601969io 000 1 jav
010 ## - LIBRARY OF CONGRESS CONTROL NUMBER
LC control number sa 68017356
025 ## - OVERSEAS ACQUISITION NUMBER
Overseas acquisition number PL480:Indo-4169
035 ## - SYSTEM CONTROL NUMBER
System control number (OCoLC)32187086
040 ## - CATALOGING SOURCE
Original cataloging agency DLC
Transcribing agency WU
Modifying agency DLC
042 ## - AUTHENTICATION CODE
Authentication code premarc
050 00 - LIBRARY OF CONGRESS CALL NUMBER
Classification number PL5179.S7
Item number T8
100 0# - MAIN ENTRY--PERSONAL NAME
Personal name Sri Hadidjojo.
245 10 - TITLE STATEMENT
Title Tutwuri andajani, ning, rak maniss!
260 ## - PUBLICATION, DISTRIBUTION, ETC.
Place of publication, distribution, etc. Semarang :
Name of publisher, distributor, etc. Penerbit K.,
Date of publication, distribution, etc. [196-?]
300 ## - PHYSICAL DESCRIPTION
Extent 46 p. ;
Dimensions 15 cm.

No items available.

Powered by Koha